00515nam a2200145 a 450000500170000000800410001702000150005805000240007310000200009724501030011726000590022030000310027950000500031052100090036020140310183136.0020718s19uu xx 00 eng d a9814057193 aHD 62.4b.N424 1999 aNelson, Carl A. aInternational business :bA Manager's guide to strategy in the age of globalism /cCarl A. Nelson. aLondon :bInternational Thomson Business Press,c1999. a317 p . :bill. ;c23 cm.  aBibliography: pp. 295-306. Includes index. aBSBA